00467nam a2200181 a 450000100060000000300090000600800410001502000150005604000280007108200160009910000310011524500540014625000060020026000290020630000130023565000130024865000240026112359CO-ViMGA141112s2004 ck r 000 u spa d a9589533221 aCO-ViMGAbspacCO-ViMGA04a347.05 L8641 aLopez, Blanco Hernan Fabio10aInstituciones de Derecho Proceso Civil Colombiano a5 aBogotá : bABC, c1992 a99p. V.214aCOLOMBIA14aPROCEDIMIENTO CIVIL